Statistiques concernant Cyclisme-Coureurs victorieux en World Tour en 2020

Cliquez ici pour prendre le quiz!

Statistiques générales

  • Ce quiz a été pris 52 fois
  • Le résultat moyen est 27 sur 64

Statistiques - réponses

Nb de victoiresNationalitéEquipeCoureurEquipe Actuelle (2024)% Correct
8SlovénieTeam Jumbo - VismaPrimoz RoglicBora- Hansgrohe
98%
5SlovénieUAE Team EmiratesTadej PogacarUAE Team Emirates
89%
5BelgiqueTeam Jumbo - VismaWout Van AertTeam Visma - Lease a Bike
85%
5AustralieLotto - SoudalCaleb EwanTeam Jayco AlUla
78%
5ItalieTeam INEOSFilippo GannaIneos - Grenadiers
72%
2SuisseTeam SunwebMarc HirschiUAE Team Emirates
72%
4Pays-BasAlpecin - FenixMathieu Van der PoelAlpecin - Deceuninck
72%
2Royaume-UniMichelton - ScottAdam YatesUAE Team Emirates
70%
4FranceGroupama -FDJArnaud DémareArkea - B&B Hotels
70%
2FranceGroupama - FDJDavid GauduGroupama - FDJ
70%
1FranceDeceuninck - Quick StepJulian AlaphilippeSoudal Quick-Step
70%
2Royaume-UniMichelton - ScottSimon YatesTeam Jayco - AlUla
70%
4IrlandeDeceuninck - Quick StepSam BennettDecathlon AG2R La Mondiale
67%
1EquateurTeam INEOSRichard CarapazEF Education - EasyPost
63%
3DanemarkTrek - SegafredoMads PedersenLidl - Trek
61%
2BelgiqueDeceuninck - Quick StepRemco EvenepoelSoudal Quick-Step
54%
2BelgiqueUAE Team EmiratesJasper PhilipsenAlpecin - Deceuninck
52%
2CanadaEF Pro CyclingMichael WoodsIsrael - Premier Tech
50%
1PologneTeam INEOSMichal KwiatkowskiIneos - Grenadiers
48%
1ColombieTeam Arkea - SamsicNairo QuintanaMovistar Team
46%
2BelgiqueLotto - SoudalTim WellensUAE Team Emirates
46%
1SlovénieBahrain - McLarenJan TratnikTeam Visma - Lease a Bike
43%
1Etats-UnisTeam Jumbo - VismaSepp KussTeam Visma - Lease a Bike
43%
1NorvègeUAE Team EmiratesAlexander KristoffUno-X Mobility
41%
1KazakhstanAstana Pro TeamAlexey LutsenkoAstana Qazaqstan Team
41%
2ItalieNTT Pro CyclingGiacomo NizzoloQ36.5 Pro Cycling Team
41%
2AllemagneBora - HansrgoheLennard KämnaBora - Hansgrohe
41%
1EspagneMovistar TeamMarc SolerUAE Team Emirates
41%
1ColombieAstana Pro TeamMiguel Angel LopezSans Equipe
41%
5AllemagneBora - HansgrohePascal AckermannIsrael - Premier Tech
41%
2AustralieTrek -SegafredoRichie PorteRetraité
41%
4DanemarkTeam SunwebSøren Kragh AndersenAlpecin - Deceuninck
41%
1SlovaquieBora - HansrgohePeter SaganPierre Baguette Cycling
39%
3Royaume-UniTeam INEOSTao Geoghegan HartLidl - Trek
39%
1BelgiqueTeam SunwebTiesj BenootTeam Visma - Lease a Bike
39%
1BelgiqueTrek - SegafredoJasper StuyvenLidl - Trek
37%
1BelgiqueDeceuninck - Quick StepYves LampaertSoudal Quick-Step
37%
2ItalieUAE Team EmiratesDiego UlissiUAE Team Emirates
35%
1BelgiqueAlpecin - FenixTim MerlierSoudal Quick-Step
35%
2ColombieEF Pro CyclingDaniel Felipe MartinezBora - Hansgrohe
33%
2AllemagneBora - HansrgoheMaximilian SchachmannBora -Hansgrohe
33%
1IrlandeIsrael Start-Up NationDan MartinRetraité
30%
1Pays-BasDeceuninck - Quick StepFabio JakobsenTeam dsm-firmenich PostNL
30%
1Royaume-UniEF Pro CyclingHugh CarthyEF Education - EasyPost
30%
1EspagneAstana Pro TeamIon IzagirreCofidis
30%
1AustralieNTT Pro CyclingBen O'ConnorDecathlon AG2R La Mondiale
28%
1EquateurTeam INEOSJhonatan NarvaezIneos - Grenadiers
28%
1République TchéqueCCC TeamJosef CernySoudal Quick-Step
28%
1DanemarkEF Pro CyclingMagnus CortUno-X Mobility
28%
1AustralieTeam SunwebMichael MatthewsTeam Jayco AlUla
28%
1ItalieDeceuninck - Quick StepDavide BalleriniAstana Qazaqstan Team
26%
1ItalieUAE Team EmiratesDavide FormoloMovistar Team
26%
1DanemarkAstana Pro TeamJakob FuglsangIsrael - Premier Tech
26%
1AustralieTeam SunwebJai HindleyBora - Hansgrohe
24%
1ItalieTeam Total Direct EnergieNiccolo BonifazioTeam Corratec - Vini Fantini
24%
1PortugalEF Pro CyclingRuben GuerreiroMovistar Team
24%
1BelgiqueDeceuninck - Quick StepDries DevenynsRetraité
22%
1EspagneMovistar TeamIvan Garcia CortinaMovistar Team
22%
1EquateurEF Pro CyclingJonathan Klever CaicedoPetrolike
22%
1Pays-BasTeam Jumbo - VismaDylan GroenewegenTeam Jayco AlUla
17%
1FranceAG2R La MondialeNans PetersDecathlon AG2R La Mondiale
17%
1Royaume-UniIsrael Start-Up NationAlex DowsettRetraité
13%
1AustralieMichelton - ScottLucas HamiltonTeam Jayco AlUla
11%
1Royaume-UniLotto - SoudalMatthew HolmesRetraité
9%

Distribution des résultats

Percentile par nombre de réponses

% des personnes avec chaque résultat

Votre développement - résultats

Vous n’avez pas pris ce quiz